000
00263nam a22001217a 4500
008
230501b |||||||| |||| 00| 0 eng d
100
_a
P. Diwan
245
_a
Family Law
260
_a
Haryana
_b
ALA
_c
2005
300
_a
579
546
_a
English
942
_2
ddc
_c
BK
999
_c
19948
_d
19948